Statystyki dla Do którego państwa pasuje ten opis

Kliknij tutaj aby rozwiązać quiz!

Ogólne statystyki

  • Ten quiz został rozwiązany 63 razy
  • Średni wynik to 6 z 10

Statystyki odpowiedzi

OpisPaństwo% Poprawnych
Największy producent syropu klonowego na świecieKanada
98%
Kontroluje min. stan OklahomaStany Zjednoczone
94%
Jedyne państwo komunistyczne na tym kontynencieKuba
63%
Do tego państwa należy Półwysep KalifornijskiMeksyk
63%
Stolicą tego państwa jest Santo DomingoDominikana
54%
Gwatemala ma czterech sąsiadów: Meksyk, Belize, Honduras oraz ...Salwador
52%
W Ameryce Północnej są trzy państwa, których stolica nazywa się tak samo jak państwo. Są to: Gwatemala, Meksyk oraz ...Panama
48%
Jedyna flaga na świecie nie posiada kolorów: niebieskiego, białego oraz czerwonegoJamajka
46%
Stolica tego państwa zajmuje całą wyspę (stolica zaczyna się na literę N)Bahamy
26%
Flaga tego państwa zawiera najwięcej kolorów na świecie (jest ich aż 12)Belize
17%

Rozkład punktacji

Percentyl według liczby udzielonych odpowiedzi

Procent ludzi z każdym wynikiem

Twoja historia wyników

Nie rozwiązałeś tego quizu